Orson Welles at work / (Record no. 353349)
[ view plain ]
| 000 -LEADER | |
|---|---|
| fixed length control field | 01186 a2200313 4500 |
| 003 - CONTROL NUMBER IDENTIFIER | |
| control field | OSt |
| 005 - DATE AND TIME OF LATEST TRANSACTION | |
| control field | 20180116192402.0 |
| 008 - FIXED-LENGTH DATA ELEMENTS--GENERAL INFORMATION | |
| fixed length control field | 120703t xxu||||| |||| 00| 0 eng d |
| 010 ## - LIBRARY OF CONGRESS CONTROL NUMBER | |
| LC control number | 2010283068 |
| 020 ## - INTERNATIONAL STANDARD BOOK NUMBER | |
| International Standard Book Number | 9780714845838 |
| 020 ## - INTERNATIONAL STANDARD BOOK NUMBER | |
| International Standard Book Number | 0714845833 |
| 035 ## - SYSTEM CONTROL NUMBER | |
| System control number | (OCoLC)ocn172979954 |
| 040 ## - CATALOGING SOURCE | |
| Transcribing agency | 0 |
| 082 04 - DEWEY DECIMAL CLASSIFICATION NUMBER | |
| Classification number | 791.430233092 |
| 100 1# - MAIN ENTRY--PERSONAL NAME | |
| Personal name | BerthomeÌ, Jean-Pierre. |
| 9 (RLIN) | 5418 |
| 245 10 - TITLE STATEMENT | |
| Title | Orson Welles at work / |
| Statement of responsibility, etc. | Jean-Pierre BerthomeÌ & François Thomas ; [translated by Imogen Forster, Roger Leverdier and Trista Selous]. |
| 250 ## - EDITION STATEMENT | |
| Edition statement | English ed. |
| 260 ## - PUBLICATION, DISTRIBUTION, ETC. | |
| Place of publication, distribution, etc. | London ; |
| -- | New York : |
| Name of publisher, distributor, etc. | Phaidon Press, |
| Date of publication, distribution, etc. | c2008. |
| 300 ## - PHYSICAL DESCRIPTION | |
| Extent | 320 p. : |
| Other physical details | ill. (some col.) ; |
| Dimensions | 29 cm. |
| 500 ## - GENERAL NOTE | |
| General note | "First published in French, 2006"--T.p. verso. |
| 600 10 - SUBJECT ADDED ENTRY--PERSONAL NAME | |
| Personal name | Welles, Orson, |
| Dates associated with a name | 1915-1985 |
| General subdivision | Criticism and interpretation. |
| 9 (RLIN) | 5419 |
| 650 10 - SUBJECT ADDED ENTRY--TOPICAL TERM | |
| Topical term or geographic name entry element | Motion picture producers and directors |
| Geographic subdivision | United States. |
| 9 (RLIN) | 5420 |
| 700 1# - ADDED ENTRY--PERSONAL NAME | |
| Personal name | Thomas, François, |
| Dates associated with a name | 1959- |
| 9 (RLIN) | 5421 |
| 700 1# - ADDED ENTRY--PERSONAL NAME | |
| Personal name | Forster, Imogen. |
| 9 (RLIN) | 5422 |
| 700 1# - ADDED ENTRY--PERSONAL NAME | |
| Personal name | Leverdier, Roger. |
| 9 (RLIN) | 5423 |
| 700 1# - ADDED ENTRY--PERSONAL NAME | |
| Personal name | Selous, Trista, |
| Dates associated with a name | 1957- |
| 9 (RLIN) | 5424 |
| 942 ## - ADDED ENTRY ELEMENTS (KOHA) | |
| Institution code [OBSOLETE] | SADA |
| Koha item type | Book |
| Call number prefix | 791.430233092 BER 2008 |
| Source of classification or shelving scheme | |
| 952 ## - LOCATION AND ITEM INFORMATION (KOHA) | |
| -- | BOOK |
| Withdrawn status | Lost status | Source of classification or shelving scheme | Damaged status | Not for loan | Permanent Location | Current Location | Date acquired | Total Checkouts | Full call number | Barcode | Date last seen | Cost, replacement price | Price effective from | Koha item type |
|---|---|---|---|---|---|---|---|---|---|---|---|---|---|---|
| School of Art Design and Architecture (SADA) | School of Art Design and Architecture (SADA) | 06/30/2011 | 791.430233092 BER 2008 | SADA0001511 | 08/05/2011 | 3843.00 | 08/05/2011 | Book |
